| 000 | 00587nam a2200205Ia 4500 | ||
|---|---|---|---|
| 003 | IN-BaIIA | ||
| 008 | 211028s9999 xx 000 0 eng d | ||
| 040 | _cIIA Library | ||
| 080 |
_a52-37 _bTHE |
||
| 245 | 4 |
_aThe universe and its origin _cedited by H. Messel and S.T. Butler |
|
| 260 |
_aLondon _bMacmillan _c1964 |
||
| 300 | _a147p. | ||
| 650 |
_aAstronomy _980 |
||
| 650 | _aAstronomy and astrophysics thesaurus | ||
| 650 |
_aExtraterrestrial life _94250 |
||
| 650 |
_aOrigin of life _93519 |
||
| 700 |
_aButler, S. T., ed. _94251 |
||
| 700 |
_aMessel, H., ed. _94252 |
||
| 942 | _cBK | ||
| 999 |
_c2375 _d2375 |
||